| 000 | 01139cad a22002415a 4500 | ||
|---|---|---|---|
| 001 | L151951 | ||
| 008 | 110114e20101217xxkd f s 000 0 eng d | ||
| 035 | _a(Sirsi) u151951 | ||
| 041 | 0 | _aeng | |
| 050 | 0 | 4 | _a333.33 $2 18 |
| 110 | 2 |
_aRoyal Institution of Chartered Surveyors _bEconomics _95033 |
|
| 245 | 0 | 0 |
_aRICS global real estate weekly _b17 December 2010 _h[electronic resource] |
| 260 |
_aLondon _bRICS _c2010 |
||
| 490 | 0 |
_aRICS Global Real Estate Weekly _v17 December 2010 |
|
| 520 | _aSingapore property market cooling, but is it enough? Central banks in Hungary, Poland and Czech to hold policy steady next week. Japanese growth to slow weighing on real estate markets. Euro area mortgage lending outlook is positive but risks remain. | ||
| 590 | _aKA | ||
| 650 | 2 | 4 | _aRICS GLOBAL REAL ESTATE WEEKLY |
| 651 | 4 | _aInternational | |
| 690 | _aPROPERTY-RESIDENTIAL PROPERTY-RESIDENTIAL PROPERTY MARKET | ||
| 690 | _aPROPERTY-COMMERCIAL PROPERTY-COMMERCIAL PROPERTY MARKET | ||
| 856 | 4 | 0 |
_uhttps://www.rics.org/site/download_feed.aspx?fileID=8427&fileExtension=PDF _zView the report free of charge at www.rics.org |
| 942 | _n0 | ||
| 999 |
_c111756 _d111756 |
||